LEADER 01477nam a2200349 a 4500 001 000000151443 003 CaOOAMICUS 005 20160429093715.0 008 160429s2016 vc u000 u ita r 020 $a978-88-465-1062-4* 032 $aLibriCat 040 $aPUL$bita 082 04$a230 100 1 $aTremblay, Réal.$0(OLS)http://pul/name/23596 245 10$aChiamati alla comunione del Figlio : $baspetti teologici e etici della vita filiale /$cRéal Tremblay. 260 $aCittà del Vaticano :$bLateran University Press,$c©2016. 300 $a246 p. ;$c21 cm. 490 1 $aVivae voces ;$v36 504 $aInclude indice e bibliografia. 650 4$aFiliazione (teologia).$0(OLS)http://pul/subject/43348 650 4$aCristologia.$0(OLS)http://pul/subject/1402 830 0$aVivae voces ;$v36.$0(OLS)http://pul/title/165512 850 $aPUL 852 $aPUL$W1$xSL Religione 3$y85$m230 COLL 7.36$j173997$qDDC 21$B176428$CPULBib$Z2$F176428 $H127640 $81 941 1 $a9 960 $aIesus Christus$91402 960 $aIesus Christus$91402 996 $6020$a978-88-465-1062-4*$9(OLS)http://pul/number/160311 996 $6082$a230$9(OLS)http://pul/classification/368 996 $6245$aChiamati alla comunione del Figlio : $baspetti teologici e etici della vita filiale$9(OLS)http://pul/title/190697 996 $6260$aCittà del Vaticano :$bLateran University Press$9(OLS)http://pul/publisher/74585 LEADER 01466nam a2200325 a 4500 001 000000105444 003 CaOOAMICUS 005 20070605173235.0 008 070605s2007 it 001 0 ita d 020 $z978-88-308-0875-1* 040 $aPUG$bita$dip$dPUL$dES 100 1 $aCucci, Giovanni.$0(OLS)http://pul/name/64749 245 10$aRicoeur oltre Freud :$bl'etica verso un'estetica /$cGiovanni Cucci ; prefazione di Paul Gilbert. 260 $aAssisi :$bCittadella,$c©2007. 300 $a431 p. ;$c21 cm 490 1 $aStudi e ricerche.$aSezione filosofica 504 $aBibliografia (pp. [403]-424) e indice 600 14$aRicoeur, Paul,$d1913-2005$xFilosofia.$0(OLS)http://pul/subject/27436 650 04$aEstetica.$0(OLS)http://pul/subject/224 650 04$aPsicanalisi.$0(OLS)http://pul/subject/1791 650 04$aEtica.$0(OLS)http://pul/subject/547 700 1 $aGilbert, Paul P,$epr.$0(OLS)http://pul/name/26627 830 0$aStudi e ricerche (Cittadella).$pSezione filosofica.$0(OLS)http://pul/title/163008 850 $aPUL 852 $aPUL$W1$xSL Filosofia 3$y81$m194 CUCGI 1$j118169$qDDC 21$B118079$CPULBib$Z2$F118079 $H104459 $82 941 1 $a9 960 $aPsicoanalisi$91791 996 $6020$z978-88-308-0875-1*$9(OLS)http://pul/number/134658 996 $6245$aRicoeur oltre Freud :$bl'etica verso un'estetica$9(OLS)http://pul/title/132695 996 $6260$aAssisi :$bCittadella$9(OLS)http://pul/publisher/49668